000 00598nam a2200205 a 4500
001 25167
003 CO-ViMGA
008 141112s2004 ck r 000 u spa d
020 _a980613365x
040 _aCO-ViMGA
_bspa
_cCO-ViMGA
082 0 4 _aV863.44
100 1 _aBarbot, Daniel
_938335
245 1 0 _aRosaura en bicicleta [Braille] /
_cDaniel Barbot
260 _aCaracas :
_bFundación para el desarrollo de la educación especial
300 _a[20] p. : 19 cm.
505 _aImprenta Braille
650 1 4 _aCuentos infantiles venezolanos
_91702
917 _a701 20050217
942 _2ddc
_cBK
999 _c32794
_d32794